Du lịch thế giới

Giới thiệu kiến thức du lịch về các quốc gia châu Á, châu Âu, châu Mỹ, châu Đại Dương, châu Phi và du lịch theo chủ đề. Tìm hiểu về phong tục, tập quán, danh thắng... của các quốc gia qua các ô chữ

Gardado en:
Detalles Bibliográficos
Autor Principal: Trần Đình Ba
Formato: Libro
Idioma:Vietnamese
Publicado: H. Quân đội nhân dân 2012
Series:Cẩm nang du lịch
Những chủ đề:
Các nhãn: Engadir etiqueta
Sen Etiquetas, Sexa o primeiro en etiquetar este rexistro!
Thư viện lưu trữ: Mạng thư viện Đại học Đà Nẵng
LEADER 01409aam a22003618a 4500
001 000019813
003 16254
005 20141106151123.0
008 141106s2012 viesd
020 |c 33000đ  |d 800b 
041 0 |a vie 
082 1 4 |2 14  |a 910.2  |b TR-B 
100 1 |a Trần Đình Ba 
245 1 0 |a Du lịch thế giới  |c Trần Đình Ba 
260 |a H.  |b Quân đội nhân dân  |c 2012 
300 |a 172 tr.  |b bảng, ảnh  |c 21 cm. 
490 0 |a Cẩm nang du lịch 
504 |a Thư mục: tr. 160-163 
520 |a Giới thiệu kiến thức du lịch về các quốc gia châu Á, châu Âu, châu Mỹ, châu Đại Dương, châu Phi và du lịch theo chủ đề. Tìm hiểu về phong tục, tập quán, danh thắng... của các quốc gia qua các ô chữ 
650 0 4 |2 Bộ TK TVQG  |a Du lịch  |z Thế giới 
650 7 |2 Bộ TK TVQG 
651 7 |2 Bộ TK TVQG  |a Thế giới 
653 |a Du lịch thế giới 
OWN |a LSP 
AVA |a UDN50  |b LSP  |d 910.2 TR-B  |e available  |t Error 5001 Not defined in file expand_doc_bib_avail.  |f 5  |g 1  |h N  |i 0  |k 1 
999 |a From the UDN01 
AVA |a UDN50  |b LSP  |d 910.2 TR-B  |e available  |t Error 5001 Not defined in file expand_doc_bib_avail.  |f 5  |g 1  |h N  |i 0  |k 1 
TYP |a Monograph 
TYP |a Printed language 
980 |a Mạng thư viện Đại học Đà Nẵng